Seven quartets of becoming: (Record no. 157101)

MARC details
000 -LEADER
fixed length control field 00778nam a22002177a 4500
005 - DATE AND TIME OF LATEST TRANSACTION
control field 20180907115955.0
010 ## - LCCN (DPL NO)
LC control number ENG-124121
020 ## - INTERNATIONAL STANDARD BOOK NUMBER
International Standard Book Number 9788124606261
Terms of availability 580.00
020 ## - INTERNATIONAL STANDARD BOOK NUMBER
International Standard Book Number 8124606269
035 ## - SYSTEM CONTROL NUMBER
System control number EN-107653
037 ## - SOURCE OF ACQUISITION
Source of stock number/acquisition DBAD/PUB
082 ## - DEWEY DECIMAL CLASSIFICATION NUMBER
Classification number 141.45
100 ## - MAIN ENTRY--PERSONAL NAME
Personal name Banerji, Debashish
245 ## - TITLE STATEMENT
Title Seven quartets of becoming:
Remainder of title a transformational yoga psychology /
Statement of responsibility, etc by Debashish Banerji
260 ## - PUBLICATION, DISTRIBUTION, ETC. (IMPRINT)
Place of publication, distribution, etc New Delhi
Name of publisher, distributor, etc D.K. Printworld
Date of publication, distribution, etc 2012
270 ## - ADDRESS
Address F-395, Sudarshan Park (Metro Station : Ramesh Nagar)
City New Delhi
Postal code 110015
Telephone number (011) 25453975,25466019
Fax number (011)25465926
Electronic mail address dkprintworld@vsnl.net
300 ## - PHYSICAL DESCRIPTION
Extent xix, 441 p.
Dimensions 22cm. (pbk)
500 ## - GENERAL NOTE
General note Based on the diaries of Sri Aurobindo
500 ## - GENERAL NOTE
General note It includes index
942 ## - ADDED ENTRY ELEMENTS (KOHA)
Source of classification or shelving scheme Dewey Decimal Classification
Item type English Books
Classification part 181.45
Call number suffix BAN
Holdings
Withdrawn status Lost status Not for loan Collection code Home library Current library Date acquired Source of acquisition Cost, normal purchase price Full call number Barcode Copy number Cost, replacement price Koha item type
    Not For Loan Non-fiction D.B.Act.Division Bawana 07/09/2018 DBAD/PUB 580.00 181.45 BAN EN-107653 1 580.00 English Books

© Delhi Public Library
Hit Counter
free hit counter